|
|
|
|
| LEADER |
00000nab a2200000 ar4500 |
| 001 |
vtls009155663 |
| 003 |
SK-MaSNL |
| 005 |
20260303064334.0 |
| 008 |
071105c2007 xo wr|p|||||||000 b|slo |
| 038 |
|
|
|a PPPK
|
| 040 |
|
|
|a PPPKCL
|b slo
|c PPPKCL
|e AACR2
|
| 041 |
0 |
|
|a slo
|
| 044 |
|
|
|a xo
|c SK
|
| 080 |
|
|
|a 725.212:629.331.1
|2 1997
|
| 080 |
|
|
|a 629.331.1
|2 1997
|
| 080 |
|
|
|a 339.16/.17
|2 1997
|
| 080 |
|
|
|a 629.3.083
|2 1997
|
| 100 |
1 |
|
|a Jurčák, M.
|4 aut
|9 1062860
|
| 245 |
1 |
0 |
|a Otvorenie autosalónu
|c text a snímka M. Jurčák
|
| 300 |
|
|
|b Fotogr.
|
| 610 |
2 |
7 |
|a Fiat Chedos (Svit, Slovensko)
|2 pppkcl
|9 1062861
|
| 648 |
|
7 |
|a 2007
|2 pppkcl
|9 313226
|
| 650 |
0 |
7 |
|a autosalóny
|2 pppkcl
|9 877304
|
| 650 |
0 |
7 |
|a autoservisy
|2 pppkcl
|9 30751
|
| 651 |
|
7 |
|a Svit (Slovensko)
|2 pppkcl
|9 29648
|
| 651 |
|
7 |
|a Poprad (Slovensko : okres)
|2 pppkcl
|9 28675
|
| 700 |
1 |
|
|a Jurčák, M.
|4 pht
|4 aut
|9 1062860
|
| 773 |
0 |
|
|t Podtatranské noviny
|g Roč. XLVIII, č. 11 (2007), s. 9
|
| 852 |
|
|
|a PPPK
|b KIS3GCP
|
| 999 |
|
|
|c 1746713
|d 1748643
|